[Event "Titled Tuesday intern op 29th Aug Early"]
[Site "Chess.com INT"]
[Date "2023.08.29"]
[Round "1"]
[White "Nikologorsky, Matfei"]
[Black "Diaz Perez, Michel Alejandro"]
[Result "0-1"]
[WhiteElo "2182"]
[BlackElo "2473"]
[PlyCount "136"]
[EventDate "2023.08.29"]
[EventType "swiss (blitz)"]
[EventRounds "11"]
[EventCountry "USA"]
[SourceTitle "EXT 2024"]
[Source "ChessBase"]
[SourceDate "2023.10.10"]
[SourceVersion "1"]
[SourceVersionDate "2023.10.10"]
[SourceQuality "1"]

1. e4 d5 2. exd5 Nf6 3. Bb5+ Bd7 4. Be2 Nxd5 5. d4 c6 6. Nf3 Bg4 7. Ne5 Bxe2 8. Qxe2 e6 9. 0-0 Be7 10. c4 Nf6 11. Rd1 0-0 12. Nc3 Nbd7 13. b3 Qa5 14. Bb2 Rfd8 15. a3 Nf8 16. b4 Qc7 17. h3 Ng6 18. Re1 Nxe5 19. dxe5 Nd7 20. Rad1 a5 21. c5 axb4 22. axb4 b6 23. cxb6 Nxb6 24. b5 Bb4 25. bxc6 Qxc6 26. Rxd8+ Rxd8 27. Rc1 h6 28. Qb5 Qxb5 29. Nxb5 Rd2 30. Bc3 Bxc3 31. Rxc3 Rd5 32. Nd6 Rxe5 33. Rc7 f6 34. Kh2 Rd5 35. Rc6 Nd7 36. Rc8+ Kh7 37. Ne4 f5 38. Ng3 Nf6 39. Rc7 Kg6 40. Ne2 e5 41. f4 e4 42. Rc2 h5 43. g4 hxg4 44. hxg4 Nxg4+ 45. Kg3 Rd3+ 46. Kh4 Nf6 47. Ng3 Rf3 48. Rg2 Rxf4+ 49. Kh3 Rg4 50. Rf2 Rg5 51. Rf4 Nh5 52. Nxh5 Kxh5 53. Rh4+ Kg6 54. Rf4 Kf6 55. Rh4 g6 56. Rh8 Rh5+ 57. Rxh5 gxh5 58. Kh4 Ke5 59. Kg3 e3 60. Kf3 f4 61. Ke2 Ke4 62. Kf1 f3 63. Kg1 Kd3 64. Kh2 e2 65. Kh3 e1Q 66. Kh2 f2 67. Kh3 f1Q+ 68. Kh2 Qef2# 0-1

[Event "Titled Tuesday intern op 29th Aug Early"]
[Site "Chess.com INT"]
[Date "2023.08.29"]
[Round "5"]
[White "Nikologorsky, Matfei"]
[Black "Lehtosaari, Mauri"]
[Result "1-0"]
[WhiteElo "2182"]
[BlackElo "2138"]
[PlyCount "49"]
[EventDate "2023.08.29"]
[EventType "swiss (blitz)"]
[EventRounds "11"]
[EventCountry "USA"]
[SourceTitle "EXT 2024"]
[Source "ChessBase"]
[SourceDate "2023.10.10"]
[SourceVersion "1"]
[SourceVersionDate "2023.10.10"]
[SourceQuality "1"]

1. e4 c5 2. Nf3 e6 3. d4 cxd4 4. Nxd4 Qb6 5. Nb3 Qc7 6. Be2 Nf6 7. Bf3 b6 8. 0-0 Bb7 9. Nc3 a6 10. a3 d6 11. Re1 Nbd7 12. g3 Be7 13. Bg2 0-0 14. h3 Rac8 15. f4 Qb8 16. g4 Nc5 17. Nd4 Rfd8 18. g5 Nfd7 19. Qg4 Nf8 20. f5 exf5 21. Nxf5 Qc7 22. Nd5 Bxd5 23. exd5 Re8 24. Qd4 Ng6 25. Qxg7# 1-0

[Event "Titled Tuesday intern op 01st Aug Late"]
[Site "Chess.com INT"]
[Date "2023.08.01"]
[Round "10"]
[White "Nikologorsky, Matfei"]
[Black "Golubev, Mikhail"]
[Result "0-1"]
[WhiteElo "2182"]
[BlackElo "2461"]
[PlyCount "32"]
[EventDate "2023.08.01"]
[EventType "swiss (blitz)"]
[EventRounds "11"]
[EventCountry "USA"]
[SourceTitle "EXT 2024"]
[Source "ChessBase"]
[SourceDate "2023.10.10"]
[SourceVersion "1"]
[SourceVersionDate "2023.10.10"]
[SourceQuality "1"]

1. e4 c5 2. Nf3 d6 3. d4 Nf6 4. Nc3 cxd4 5. Nxd4 Nc6 6. Bg5 e6 7. Qd3 Bd7 8. 0-0-0 a6 9. Qg3 h6 10. Be3 Nxd4 11. Bxd4 e5 12. Be3 Rc8 13. Kb1 Rxc3 14. bxc3 Nxe4 15. Qf3 Nxc3+ 16. Kb2 e4 0-1

[Event "Titled Tuesday intern op 01st Aug Late"]
[Site "Chess.com INT"]
[Date "2023.08.01"]
[Round "11"]
[White "Nikologorsky, Matfei"]
[Black "Janaszak, Dawid"]
[Result "1/2-1/2"]
[WhiteElo "2182"]
[BlackElo "2302"]
[PlyCount "130"]
[EventDate "2023.08.01"]
[EventType "swiss (blitz)"]
[EventRounds "11"]
[EventCountry "USA"]
[SourceTitle "EXT 2024"]
[Source "ChessBase"]
[SourceDate "2023.10.10"]
[SourceVersion "1"]
[SourceVersionDate "2023.10.10"]
[SourceQuality "1"]

1. e4 e5 2. Nf3 Nc6 3. Bb5 f5 4. Nc3 fxe4 5. Nxe4 Nf6 6. Nxf6+ Qxf6 7. Qe2 Be7 8. Bxc6 bxc6 9. Nxe5 0-0 10. 0-0 d6 11. Nxc6 Re8 12. Nxe7+ Rxe7 13. Qc4+ Kh8 14. Qc3 Qg6 15. Qg3 Qxc2 16. d4 Ba6 17. Bg5 Re2 18. Rac1 Qxb2 19. Rxc7 Rg8 20. Qh4 Re6 21. Rfc1 Rg6 22. h3 Qxa2 23. Rxa7 Qd5 24. Rxa6 Rxg5 25. g3 h6 26. Rac6 Rf8 27. Rc8 Rgf5 28. Rxf8+ Rxf8 29. Qe7 Qf3 30. Qe3 Qf5 31. Kg2 Qd7 32. Re1 Qb7+ 33. Qe4 Qf7 34. d5 Qxf2+ 35. Kh1 Qxg3 36. Qe3 Qh4 37. Rg1 Qf6 38. Kg2 Qf7 39. Re1 Qxd5+ 40. Kh2 Qf5 41. Rg1 Qf6 42. Rg2 d5 43. Rd2 Qd6+ 44. Qg3 Qxg3+ 45. Kxg3 Rd8 46. Kf4 d4 47. Ke4 Kh7 48. Rxd4 Rxd4+ 49. Kxd4 Kg6 50. Ke4 Kg5 51. Kf3 h5 52. Kg3 h4+ 53. Kf3 Kf5 54. Ke3 g6 55. Kf3 Kg5 56. Ke4 Kh5 57. Kf4 Kh6 58. Kg4 g5 59. Kf3 Kg6 60. Kg4 Kf6 61. Kf3 Kf5 62. Ke3 Ke5 63. Kf3 Kf5 64. Ke3 Kg6 65. Kf3 Kf5 1/2-1/2

[Event "Titled Tuesday intern op 01st Aug Late"]
[Site "Chess.com INT"]
[Date "2023.08.01"]
[Round "5"]
[White "Rosen, Eric S"]
[Black "Nikologorsky, Matfei"]
[Result "0-1"]
[WhiteElo "2341"]
[BlackElo "2182"]
[PlyCount "124"]
[EventDate "2023.08.01"]
[EventType "swiss (blitz)"]
[EventRounds "11"]
[EventCountry "USA"]
[SourceTitle "EXT 2024"]
[Source "ChessBase"]
[SourceDate "2023.10.10"]
[SourceVersion "1"]
[SourceVersionDate "2023.10.10"]
[SourceQuality "1"]

1. d4 Nf6 2. Bf4 e6 3. e3 b6 4. Qf3 d5 5. Nc3 a6 6. 0-0-0 Bb7 7. h4 Nbd7 8. h5 b5 9. Qg3 Rc8 10. f3 Nb6 11. Bd3 b4 12. Nce2 c5 13. dxc5 Rxc5 14. Kb1 Nc4 15. Nc1 a5 16. Nb3 Rc8 17. e4 a4 18. Nc1 Qb6 19. Nge2 dxe4 20. fxe4 Nxe4 21. Qe1 Nf2 22. Ng3 Nxd1 23. Qxd1 a3 24. Bxc4 Rxc4 25. b3 Rxf4 26. Nd3 Rd4 27. Qe1 Be7 28. Rf1 0-0 29. h6 Rxd3 30. cxd3 Qd4 31. Qd2 Bf6 32. Kc2 Qb2+ 33. Kd1 Qxd2+ 34. Kxd2 Bc3+ 35. Ke2 gxh6 36. Nh5 f5 37. Nf4 Kf7 38. g4 Rg8 39. gxf5 exf5 40. Kf2 Rg4 41. Ke3 Rg3+ 42. Ke2 h5 43. Nxh5 Rg2+ 44. Ke3 Rxa2 45. Ng3 Ra1 46. Rxf5+ Ke6 47. Rb5 Re1+ 48. Kf4 a2 49. Rb6+ Kd5 50. Ne4 Rxe4+ 51. dxe4+ Kc5 52. Rxb7 a1Q 53. Kf5 Qf1+ 54. Ke6 Qf6+ 55. Kd7 Qc6+ 56. Ke7 Qxb7+ 57. Ke6 Qxe4+ 58. Kf7 Qb7+ 59. Ke6 Qc6+ 60. Kf5 Qe8 61. Kg5 Qf7 62. Kh6 Qg6# 0-1

[Event "Titled Tuesday intern op 11th Jul Early"]
[Site "Chess.com INT"]
[Date "2023.07.11"]
[Round "4"]
[White "Jarovinsky, Alexey"]
[Black "Nikologorsky, Matfei"]
[Result "1-0"]
[WhiteElo "2305"]
[BlackElo "2182"]
[PlyCount "97"]
[EventDate "2023.07.11"]
[EventType "swiss (blitz)"]
[EventRounds "11"]
[EventCountry "USA"]
[SourceTitle "EXT 2024"]
[Source "ChessBase"]
[SourceDate "2023.10.10"]
[SourceVersion "1"]
[SourceVersionDate "2023.10.10"]
[SourceQuality "1"]

1. Nc3 c5 2. e4 e6 3. g3 d5 4. Bg2 d4 5. Nce2 Nc6 6. d3 e5 7. f4 Nf6 8. h3 Bd6 9. Nf3 Qc7 10. 0-0 0-0 11. f5 Ne8 12. g4 b5 13. g5 c4 14. Ng3 cxd3 15. cxd3 Nb4 16. Rf2 Bd7 17. a3 Nc6 18. Bd2 a5 19. h4 a4 20. Kh2 b4 21. Bh3 bxa3 22. bxa3 Na5 23. Bxa5 Rxa5 24. f6 Bxh3 25. Kxh3 Qd7+ 26. Kg2 g6 27. h5 Nc7 28. hxg6 fxg6 29. Qh1 Ne6 30. Ne2 Rb5 31. Ra2 Rfb8 32. Qh6 Qf7 33. Kg3 Rb2 34. Neg1 Rxf2 35. Kxf2 Rb3 36. Ne1 Bxa3 37. Ngf3 Qc7 38. Qh3 Nf4 39. Qg4 Rb2+ 40. Rxb2 Bxb2 41. Ng2 Nxg2 42. Qe6+ Kf8 43. Nxe5 Nf4 44. Nd7+ Qxd7 45. Qxd7 Ba3 46. Qg7+ Ke8 47. Qg8+ Kd7 48. Qxh7+ Ke6 49. Qg8+ 1-0

[Event "Titled Tuesday intern op 11th Jul Late"]
[Site "Chess.com INT"]
[Date "2023.07.11"]
[Round "4"]
[White "Nasuta, Grzegorz"]
[Black "Nikologorsky, Matfei"]
[Result "1-0"]
[WhiteElo "2552"]
[BlackElo "2182"]
[PlyCount "113"]
[EventDate "2023.07.11"]
[EventType "swiss (blitz)"]
[EventRounds "11"]
[EventCountry "USA"]
[SourceTitle "EXT 2024"]
[Source "ChessBase"]
[SourceDate "2023.10.10"]
[SourceVersion "1"]
[SourceVersionDate "2023.10.10"]
[SourceQuality "1"]

1. e4 c5 2. Nf3 e6 3. d4 cxd4 4. Nxd4 a6 5. c4 Qc7 6. Nc3 Nf6 7. a3 b6 8. Be3 Bb7 9. f3 d6 10. Be2 Nbd7 11. Rc1 Be7 12. 0-0 Rc8 13. Qd2 Qb8 14. Rfd1 0-0 15. b4 Rfe8 16. Kh1 h5 17. Bf1 d5 18. exd5 exd5 19. Nf5 dxc4 20. Bf4 Qa8 21. Bd6 Bd8 22. Re1 Bxf3 23. Qg5 g6 24. Qh6 gxf5 25. gxf3 Qxf3+ 26. Bg2 Rxe1+ 27. Rxe1 Qxc3 28. Rg1 Ng4 29. Bd5 Qg7 30. Qxg7+ Kxg7 31. h3 Ndf6 32. Bb7 Bc7 33. Bxc8 Bxd6 34. Bxf5 Kh6 35. hxg4 hxg4 36. Bxg4 Nxg4 37. Rxg4 b5 38. Kg2 f5 39. Rd4 Be5 40. Rd5 Bb2 41. Rd6+ Kg5 42. Rxa6 c3 43. Rc6 Kf4 44. a4 bxa4 45. b5 a3 46. b6 a2 47. b7 a1Q 48. b8Q+ Ke3 49. Qg3+ Kd2 50. Rd6+ Kc2 51. Qf2+ Kb3 52. Rb6+ Kc4 53. Qe2+ Kc5 54. Qb5+ Kd4 55. Rd6+ Ke4 56. Qd3+ Ke5 57. Qd4# 1-0

[Event "Titled Tuesday intern op 11th Jul Early"]
[Site "Chess.com INT"]
[Date "2023.07.11"]
[Round "1"]
[White "Nazari, Arad"]
[Black "Nikologorsky, Matfei"]
[Result "1-0"]
[WhiteElo "2358"]
[BlackElo "2182"]
[PlyCount "121"]
[EventDate "2023.07.11"]
[EventType "swiss (blitz)"]
[EventRounds "11"]
[EventCountry "USA"]
[SourceTitle "EXT 2024"]
[Source "ChessBase"]
[SourceDate "2023.10.10"]
[SourceVersion "1"]
[SourceVersionDate "2023.10.10"]
[SourceQuality "1"]

1. e4 c5 2. Nf3 e6 3. d4 cxd4 4. Nxd4 a6 5. Bd3 Qc7 6. 0-0 Nf6 7. c4 Nc6 8. Nxc6 dxc6 9. Qe2 e5 10. Bg5 Be7 11. Nc3 h6 12. Bxf6 Bxf6 13. c5 Be6 14. Bc4 Qe7 15. Na4 0-0 16. Rad1 Rad8 17. b3 Bg5 18. g3 Bh3 19. Rxd8 Rxd8 20. Rd1 g6 21. Rxd8+ Qxd8 22. Qd3 Qxd3 23. Bxd3 Kf8 24. Nb2 Be7 25. b4 Be6 26. Bc4 Bc8 27. Bb3 Kg7 28. Nc4 f6 29. f3 Be6 30. Na5 Bc8 31. Kf2 f5 32. Nc4 Kf6 33. Nb6 Be6 34. Bxe6 Kxe6 35. Ke2 Bd8 36. Nc4 Bc7 37. a3 g5 38. Ne3 fxe4 39. fxe4 h5 40. Nf5 Kf6 41. h3 Bb8 42. Kf3 Bc7 43. Ke3 a5 44. Kd3 axb4 45. axb4 b6 46. cxb6 Bxb6 47. g4 hxg4 48. hxg4 Ke6 49. Kc4 Bf2 50. Ng7+ Ke7 51. Kd3 Bb6 52. Nf5+ Ke6 53. Kc4 Bf2 54. Kb3 Bg1 55. Ka4 Kd7 56. Ka5 Kc7 57. Ng7 Be3 58. Ka6 c5 59. bxc5 Bxc5 60. Ne6+ Kd6 61. Nxg5 1-0

[Event "Titled Tuesday intern op 11th Jul Early"]
[Site "Chess.com INT"]
[Date "2023.07.11"]
[Round "2"]
[White "Nikologorsky, Matfei"]
[Black "Ottosen, David"]
[Result "1-0"]
[WhiteElo "2182"]
[BlackElo "2067"]
[PlyCount "37"]
[EventDate "2023.07.11"]
[EventType "swiss (blitz)"]
[EventRounds "11"]
[EventCountry "USA"]
[SourceTitle "EXT 2024"]
[Source "ChessBase"]
[SourceDate "2023.10.10"]
[SourceVersion "1"]
[SourceVersionDate "2023.10.10"]
[SourceQuality "1"]

1. e4 e6 2. d4 d5 3. Nd2 Be7 4. Bd3 c5 5. exd5 Qxd5 6. dxc5 Bxc5 7. Ngf3 Nf6 8. 0-0 Nc6 9. Qe2 0-0 10. Ne4 Nxe4 11. Bxe4 Qh5 12. c3 e5 13. Be3 Bxe3 14. Qxe3 Bg4 15. h3 Bxf3 16. Bxf3 Qf5 17. Rfe1 Rfe8 18. Rad1 Rac8 19. Bg4 1-0

[Event "Titled Tuesday intern op 11th Jul Late"]
[Site "Chess.com INT"]
[Date "2023.07.11"]
[Round "3"]
[White "Ugarte Soto, Cesar"]
[Black "Nikologorsky, Matfei"]
[Result "0-1"]
[WhiteElo "2088"]
[BlackElo "2182"]
[PlyCount "68"]
[EventDate "2023.07.11"]
[EventType "swiss (blitz)"]
[EventRounds "11"]
[EventCountry "USA"]
[SourceTitle "EXT 2024"]
[Source "ChessBase"]
[SourceDate "2023.10.10"]
[SourceVersion "1"]
[SourceVersionDate "2023.10.10"]
[SourceQuality "1"]

1. d4 Nf6 2. Bg5 c5 3. Bxf6 gxf6 4. d5 Qb6 5. Qc1 Bg7 6. c3 d6 7. g3 Nd7 8. Nf3 Ne5 9. Nxe5 fxe5 10. Bg2 Bf5 11. Nd2 h5 12. h4 Bh6 13. e3 Bd3 14. Bf1 Bg6 15. a4 Qc7 16. Bb5+ Kf8 17. 0-0 Rg8 18. Qd1 Qc8 19. Be2 Qh3 20. Bxh5 Bxe3 21. Qg4 Qxg4 22. Bxg4 Bxd2 23. Bf3 Bh6 24. Kg2 Bf5 25. b4 Rc8 26. b5 c4 27. a5 Bd3 28. Rfe1 Bd2 29. Rh1 Bxc3 30. Ra2 Bd4 31. h5 Kg7 32. Rd2 Bf5 33. h6+ Kh7 34. Rh4 c3 0-1

[Event "Titled Tuesday intern op 11th Jul Late"]
[Site "Chess.com INT"]
[Date "2023.07.11"]
[Round "6"]
[White "Vila Dupla, Aurelio"]
[Black "Nikologorsky, Matfei"]
[Result "1-0"]
[WhiteElo "2030"]
[BlackElo "2182"]
[PlyCount "89"]
[EventDate "2023.07.11"]
[EventType "swiss (blitz)"]
[EventRounds "11"]
[EventCountry "USA"]
[SourceTitle "EXT 2024"]
[Source "ChessBase"]
[SourceDate "2023.10.10"]
[SourceVersion "1"]
[SourceVersionDate "2023.10.10"]
[SourceQuality "1"]

1. Nf3 Nf6 2. d4 e6 3. g3 b6 4. Bg2 Bb7 5. 0-0 Be7 6. c4 0-0 7. Nc3 d5 8. cxd5 Nxd5 9. Nxd5 Bxd5 10. Be3 Nd7 11. Nd2 Bxg2 12. Kxg2 Nf6 13. Nb3 Qd5+ 14. f3 Rfd8 15. Qc2 Rac8 16. Rfd1 c6 17. Bf2 Qh5 18. Rac1 Qg6 19. Qxg6 hxg6 20. e4 Kf8 21. Rd2 Rc7 22. Rdc2 Rdc8 23. g4 c5 24. dxc5 bxc5 25. Nxc5 Ke8 26. b4 Nd7 27. Rc3 Nxc5 28. bxc5 Rc6 29. Ra3 Bxc5 30. Rac3 Bxf2 31. Rxc6 Rxc6 32. Rxc6 Bb6 33. Rc8+ Kd7 34. Rg8 Bd4 35. Kf1 Ke7 36. Ke2 Kf6 37. Kd3 Bb6 38. f4 g5 39. e5+ Kg6 40. Ke4 gxf4 41. Kxf4 Ba5 42. Ra8 Bb6 43. h4 f6 44. h5+ Kh6 45. Rh8# 1-0

[Event "Titled Tuesday intern op 20th Jun Early"]
[Site "Chess.com INT"]
[Date "2023.06.20"]
[Round "9"]
[White "Belov, Alexei"]
[Black "Nikologorsky, Matfei"]
[Result "0-1"]
[WhiteElo "2421"]
[BlackElo "2182"]
[PlyCount "72"]
[EventDate "2023.06.20"]
[EventType "swiss (blitz)"]
[EventRounds "11"]
[EventCountry "USA"]
[SourceTitle "EXT 2024"]
[Source "ChessBase"]
[SourceDate "2023.10.10"]
[SourceVersion "1"]
[SourceVersionDate "2023.10.10"]
[SourceQuality "1"]

1. e4 c5 2. Nf3 e6 3. d4 cxd4 4. Nxd4 a6 5. Nc3 Qc7 6. Be2 b5 7. 0-0 Bb7 8. Bf3 Nc6 9. Nxc6 dxc6 10. Qe2 Bd6 11. h3 Nf6 12. Rd1 Be5 13. Be3 c5 14. Bg5 0-0 15. Qe1 Rfd8 16. Rab1 h6 17. Bh4 g5 18. Bg3 Bxg3 19. fxg3 Qe5 20. a3 Rd4 21. Ne2 Rxd1 22. Rxd1 Nxe4 23. Nc3 f5 24. Bxe4 fxe4 25. Qe3 Rf8 26. h4 b4 27. Na4 bxa3 28. bxa3 c4 29. Nc5 Bd5 30. Nd7 Qg7 31. Nxf8 Kxf8 32. Rf1+ Kg8 33. Qc5 gxh4 34. Qc8+ Kh7 35. Qe8 e5 36. Qd7 Qxd7 0-1

[Event "Titled Tuesday intern op 20th Jun Late"]
[Site "Chess.com INT"]
[Date "2023.06.20"]
[Round "2"]
[White "Nikologorsky, Matfei"]
[Black "Cueto, Jose"]
[Result "1-0"]
[WhiteElo "2182"]
[BlackElo "2119"]
[PlyCount "89"]
[EventDate "2023.06.20"]
[EventType "swiss (blitz)"]
[EventRounds "11"]
[EventCountry "USA"]
[SourceTitle "EXT 2024"]
[Source "ChessBase"]
[SourceDate "2023.10.10"]
[SourceVersion "1"]
[SourceVersionDate "2023.10.10"]
[SourceQuality "1"]

1. e4 e6 2. d4 d5 3. Nd2 h6 4. Bd3 c5 5. exd5 Qxd5 6. Ngf3 cxd4 7. 0-0 Nf6 8. Nb3 Nc6 9. Nbxd4 Be7 10. Nxc6 bxc6 11. Qe2 0-0 12. b3 Rd8 13. Bb2 a5 14. a4 Bb7 15. Rad1 Qh5 16. Ne5 Qxe2 17. Bxe2 c5 18. Rxd8+ Rxd8 19. Rd1 Rxd1+ 20. Bxd1 Nd5 21. Bf3 Ba8 22. Nc4 Bd8 23. Ba3 Nc7 24. Bxa8 Nxa8 25. Bxc5 Nc7 26. Bb6 e5 27. Nxa5 Ne6 28. Bxd8 Nxd8 29. Kf1 Kf8 30. Ke2 Ke7 31. Kd3 f5 32. b4 Ne6 33. g3 g5 34. c4 Nd4 35. c5 Nf3 36. Nc6+ Kd7 37. b5 e4+ 38. Ke2 Nxh2 39. a5 Kc7 40. a6 Ng4 41. Na5 Kb8 42. b6 Ne5 43. c6 Nxc6 44. Nxc6+ Ka8 45. b7# 1-0

[Event "Titled Tuesday intern op 20th Jun Late"]
[Site "Chess.com INT"]
[Date "2023.06.20"]
[Round "9"]
[White "Nikologorsky, Matfei"]
[Black "Mizzi, Jack"]
[Result "0-1"]
[WhiteElo "2182"]
[BlackElo "1986"]
[PlyCount "98"]
[EventDate "2023.06.20"]
[EventType "swiss (blitz)"]
[EventRounds "11"]
[EventCountry "USA"]
[SourceTitle "EXT 2024"]
[Source "ChessBase"]
[SourceDate "2023.10.10"]
[SourceVersion "1"]
[SourceVersionDate "2023.10.10"]
[SourceQuality "1"]

1. e4 c6 2. d4 d5 3. Nc3 dxe4 4. Nxe4 Nf6 5. Nxf6+ exf6 6. c3 Bd6 7. Bd3 0-0 8. Ne2 Re8 9. 0-0 h6 10. Bf4 Qc7 11. Bxd6 Qxd6 12. Ng3 b6 13. Re1 Rxe1+ 14. Qxe1 Be6 15. Qe4 g6 16. Qh4 Kg7 17. f4 f5 18. Rd1 Nd7 19. Nf1 Nf6 20. Qf2 Re8 21. a3 b5 22. h3 Bc4 23. Bxc4 bxc4 24. Ne3 Ne4 25. Qf3 Qe6 26. Re1 c5 27. dxc5 Rc8 28. Kh2 Rxc5 29. Nc2 Qb6 30. Rxe4 fxe4 31. Qxe4 Rc7 32. Nd4 Qf6 33. f5 g5 34. Qd5 Re7 35. Qxc4 g4 36. Qd5 h5 37. b4 g3+ 38. Kxg3 Qg5+ 39. Kh2 Qf4+ 40. g3 Qd2+ 41. Qg2 Qxc3 42. f6+ Kxf6 43. Qf2+ Kg6 44. Qf5+ Kg7 45. Qg5+ Kf8 46. Qh6+ Ke8 47. Qh8+ Kd7 48. Nf5 Re2+ 49. Kg1 Qe1# 0-1

[Event "Titled Tuesday intern op 20th Jun Early"]
[Site "Chess.com INT"]
[Date "2023.06.20"]
[Round "7"]
[White "Nikologorsky, Matfei"]
[Black "Sebag, Marie"]
[Result "0-1"]
[WhiteElo "2182"]
[BlackElo "2421"]
[PlyCount "72"]
[EventDate "2023.06.20"]
[EventType "swiss (blitz)"]
[EventRounds "11"]
[EventCountry "USA"]
[SourceTitle "EXT 2024"]
[Source "ChessBase"]
[SourceDate "2023.10.10"]
[SourceVersion "1"]
[SourceVersionDate "2023.10.10"]
[SourceQuality "1"]

1. e4 e5 2. Nf3 Nc6 3. Bb5 Nf6 4. 0-0 Nxe4 5. d4 Nd6 6. dxe5 Nxb5 7. a4 Nbd4 8. Nxd4 Nxd4 9. Qxd4 d5 10. exd6 Qxd6 11. Qe3+ Qe6 12. Qg3 h5 13. Qxc7 Bd6 14. Qc3 0-0 15. Nd2 Bd7 16. Nf3 Rac8 17. Qd3 Bc6 18. Re1 Qd7 19. Rd1 Rfd8 20. Bg5 f6 21. Be3 Bxf3 22. gxf3 Qh3 23. Qd5+ Kh7 24. f4 f5 25. c3 Bxf4 26. Qg2 Qh4 27. Rd4 Rxd4 28. Bxd4 Bh6 29. Re1 Rc6 30. Kh1 Rg6 31. Qf3 Bf4 32. h3 Bg3 33. Bf6 Qxh3+ 34. Kg1 Bh2+ 35. Kh1 Qxf3+ 36. Kxh2 Qg2# 0-1

[Event "Titled Tuesday intern op 13th Jun Early"]
[Site "Chess.com INT"]
[Date "2023.06.13"]
[Round "7"]
[White "Dixit, Nikhil"]
[Black "Nikologorsky, Matfei"]
[Result "0-1"]
[WhiteElo "2289"]
[BlackElo "2182"]
[PlyCount "71"]
[EventDate "2023.06.13"]
[EventType "swiss (blitz)"]
[EventRounds "11"]
[EventCountry "USA"]
[SourceTitle "EXT 2024"]
[Source "ChessBase"]
[SourceDate "2023.10.10"]
[SourceVersion "1"]
[SourceVersionDate "2023.10.10"]
[SourceQuality "1"]

1. e4 c5 2. Nf3 e6 3. b3 d5 4. Bb5+ Bd7 5. Bxd7+ Qxd7 6. exd5 Qxd5 7. 0-0 Nf6 8. Nc3 Qd7 9. Qe2 Nc6 10. Ne5 Nxe5 11. Qxe5 Bd6 12. Qg5 0-0 13. Bb2 h6 14. Qh4 Be7 15. Qf4 Rfd8 16. d3 Bd6 17. Qf3 b6 18. Ne4 Nxe4 19. Qxe4 Qc7 20. g3 Rd7 21. a4 Rad8 22. Rfe1 Bf8 23. a5 b5 24. Be5 Qc8 25. g4 Rd5 26. f4 c4 27. bxc4 bxc4 28. d4 Qa6 29. g5 hxg5 30. fxg5 Rxa5 31. Rxa5 Qxa5 32. Rf1 Qd2 33. Qh4 Be7 34. Bxg7 Kxg7 35. Qh6+ Kg8 36. Rxf7 0-1

[Event "Titled Tuesday intern op 13th Jun Late"]
[Site "Chess.com INT"]
[Date "2023.06.13"]
[Round "10"]
[White "Nikologorsky, Matfei"]
[Black "Korkmaz, Necmettin"]
[Result "0-1"]
[WhiteElo "2182"]
[BlackElo "2091"]
[PlyCount "90"]
[EventDate "2023.06.13"]
[EventType "swiss (blitz)"]
[EventRounds "11"]
[EventCountry "USA"]
[SourceTitle "EXT 2024"]
[Source "ChessBase"]
[SourceDate "2023.10.10"]
[SourceVersion "1"]
[SourceVersionDate "2023.10.10"]
[SourceQuality "1"]

1. e4 e5 2. Nf3 Nc6 3. Bb5 a6 4. Ba4 d6 5. 0-0 b5 6. Bb3 Na5 7. d4 Nxb3 8. axb3 Bb7 9. dxe5 dxe5 10. Nc3 Bd6 11. Nd5 Ne7 12. c4 0-0 13. Qe2 c6 14. Ne3 Re8 15. Rd1 Qc7 16. Nh4 g6 17. Nf3 Nc8 18. Ng4 Qe7 19. Bg5 Qe6 20. Nf6+ Kg7 21. Nxe8+ Qxe8 22. Qe3 f6 23. Bh6+ Kg8 24. c5 Be7 25. Rd3 Na7 26. Rad1 Bc8 27. b4 Be6 28. Nh4 a5 29. f4 exf4 30. Bxf4 g5 31. Nf5 Bxf5 32. exf5 gxf4 33. Qxf4 axb4 34. Rd7 Bxc5+ 35. Kh1 Kh8 36. Qc7 Qh5 37. Rd8+ Bf8 38. R1d7 Rxd8 39. Qxd8 Kg8 40. Rxa7 Qe2 41. Ra1 Qxb2 42. Rd1 Qe5 43. h3 b3 44. Qc8 b2 45. Rd8 b1Q+ 0-1

[Event "Titled Tuesday intern op 13th Jun Late"]
[Site "Chess.com INT"]
[Date "2023.06.13"]
[Round "4"]
[White "Nikologorsky, Matfei"]
[Black "Sebag, Marie"]
[Result "1-0"]
[WhiteElo "2182"]
[BlackElo "2421"]
[PlyCount "43"]
[EventDate "2023.06.13"]
[EventType "swiss (blitz)"]
[EventRounds "11"]
[EventCountry "USA"]
[SourceTitle "EXT 2024"]
[Source "ChessBase"]
[SourceDate "2023.10.10"]
[SourceVersion "1"]
[SourceVersionDate "2023.10.10"]
[SourceQuality "1"]

1. e4 e5 2. Nf3 Nc6 3. Bb5 Nf6 4. 0-0 Nxe4 5. d4 Nd6 6. dxe5 Nxb5 7. a4 Nbd4 8. Nxd4 Nxd4 9. Qxd4 d5 10. exd6 Qxd6 11. Qe3+ Qe6 12. Qg3 Qg6 13. Qxc7 Bd6 14. Re1+ Be6 15. Qxd6 Rd8 16. Qg3 Qxc2 17. Qxg7 Rf8 18. Bh6 Kd7 19. Na3 Qf5 20. Qd4+ Kc8 21. Qc3+ Kb8 22. Bxf8 1-0